VECTOR CONTROL OF INDUCTION MOTOR DRIVE BY USING THE CONSTANT SWITCHING FREQUENCY CURRENT CONTROLLER FOR REDUCED RIPPLE

Bibliographic Details
Main Authors: Brahmaiah, B. (Author), RAMA PRASAD REDDY, M. (Author), BRAHMANANDA REDDY, T. (Author)
Format: Article
Language:English

MARC

LEADER 00000nab a2200000uu 4500
001 vtls011153597
003 SK-MaSNL
005 20260303151228.0
008 230222|2013 xo |||||||||||||||||eng|
015 |a SNBRB 
035 |a (urnnbn)urn:nbn:sk:snk:ar-a0a5vj 
035 |a (uuid)de86e973-42ee-406d-b9da-f31bc65c5a50 
035 |a urn:nbn:sk:snk-abb2j2 
040 |a SNKBUCL  |b slo  |c SNKBUCL  |e AACR2 
041 0 |a eng 
044 |a xo  |c SK 
100 1 |a Brahmaiah, B.  |4 aut  |9 1170509 
245 1 0 |a VECTOR CONTROL OF INDUCTION MOTOR DRIVE BY USING THE CONSTANT SWITCHING FREQUENCY CURRENT CONTROLLER FOR REDUCED RIPPLE  |c B. Brahmaiah, M. Rama Prasad Reddy, T. Brahmananda Reddy 
700 1 |a RAMA PRASAD REDDY, M.  |4 aut  |9 1170510 
700 1 |a BRAHMANANDA REDDY, T.  |4 aut  |9 1170466 
773 0 |t Acta electrotechnica et informatica : (Tlačené vyd.)  |g Roč. 13, č. 3 (2013), s. 27-33 
954 |a odborná, vedecká literatúra cudzojazyčná (svetová)  |2 lita 
958 |a OND 
958 |a EUIPO 
958 |a article14 
999 |c 2016702  |d 2018632